[Event "San Vicente op 9th"]
[Site "San Vicente"]
[Date "2025.04.20"]
[Round "8"]
[White "Dragnev, Valentin"]
[Black "Sliwicka, Alicja"]
[Result "1-0"]
[WhiteElo "2538"]
[BlackElo "2376"]
[PlyCount "124"]
[EventDate "2025.04.16"]
[EventType "swiss"]
[EventRounds "9"]
[EventCountry "ESP"]
[SourceTitle "CB17_2025"]
[SourceDate "2025.04.23"]
[SourceVersion "1"]
[SourceVersionDate "2025.04.23"]
[SourceQuality "1"]

1. e4 e5 2. Nf3 Nc6 3. Bc4 Nf6 4. d3 Be7 5. 0-0 0-0 6. Nc3 d6 7. a4 Na5 8. Ba2 c5 9. Nd2 Nc6 10. Nc4 Be6 11. Ne3 Nb4 12. Bc4 d5 13. exd5 Nfxd5 14. Nexd5 Nxd5 15. Qe1 Bf6 16. Qe4 Nxc3 17. bxc3 Bxc4 18. Qxc4 Rc8 19. Rb1 Qd7 20. Be3 Rc6 21. a5 Rfc8 22. Rb5 Bd8 23. Rfb1 b6 24. axb6 axb6 25. Ra1 Rg6 26. Rb2 h5 27. Qe4 Qc6 28. f3 Qxe4 29. dxe4 Rd6 30. Kf2 Kf8 31. Ke2 Ke7 32. Rba2 Rd7 33. g4 hxg4 34. fxg4 Ke6 35. Ra6 g5 36. Rf1 f6 37. Rh1 Rh7 38. h3 Kd6 39. c4 Kc6 40. Bf2 Kb7 41. Ra3 Ra8 42. Rxa8 Kxa8 43. h4 gxh4 44. Rxh4 Rxh4 45. Bxh4 Kb7 46. Kf3 Kc6 47. g5 fxg5 48. Bg3 Bc7 49. Kg4 b5 50. Kxg5 bxc4 51. Kf5 c3 52. Bxe5 Ba5 53. Ke6 Bb4 54. Bd6 Ba5 55. e5 Bd8 56. Bf8 Bh4 57. Kf5 Bf2 58. e6 c4 59. Kg6 Bh4 60. e7 Bxe7 61. Bxe7 Kd5 62. Kf5 Kd4 1-0

[Event "EU-ch (Women) 25th"]
[Site "Rhodes"]
[Date "2025.04.11"]
[Round "11"]
[White "Khachatryan, Anna"]
[Black "Sliwicka, Alicja"]
[Result "1/2-1/2"]
[WhiteElo "2091"]
[BlackElo "2376"]
[PlyCount "213"]
[EventDate "2025.03.31"]
[EventType "swiss"]
[EventRounds "11"]
[EventCountry "GRE"]
[SourceTitle "CB16_2025"]
[SourceDate "2025.04.16"]
[SourceVersion "1"]
[SourceVersionDate "2025.04.16"]
[SourceQuality "1"]

1. d4 Nf6 2. Nf3 e6 3. c4 d5 4. g3 dxc4 5. Bg2 Bb4+ 6. Bd2 a5 7. Qc2 Bxd2+ 8. Qxd2 c6 9. a4 b5 10. axb5 cxb5 11. Qg5 Nbd7 12. Qxb5 Rb8 13. Qxc4 Rxb2 14. 0-0 0-0 15. Nc3 Bb7 16. Rfb1 Rxb1+ 17. Rxb1 Qa8 18. Qc7 Bc6 19. Ra1 Rc8 20. Qd6 Qa7 21. Na4 Qb7 22. Ne1 Bxg2 23. Nxg2 Rc2 24. Nf4 g5 25. Nd3 Rxe2 26. Nac5 Nxc5 27. dxc5 Kg7 28. c6 Qb6 29. Qc5 Qxc5 30. Nxc5 Rc2 31. Rxa5 Nd5 32. h3 h6 33. Kf1 h5 34. Ke1 g4 35. hxg4 hxg4 36. Kd1 Rc4 37. Kd2 Rd4+ 38. Ke2 Kf6 39. Nd7+ Ke7 40. Ra7 Kd6 41. Nb8 Nc7 42. Na6 Nxa6 43. Rxa6 Rc4 44. c7+ Kd7 45. Ke3 Rxc7 46. Ra3 Rc4 47. Kd3 Rb4 48. Ke3 Ke7 49. Rc3 Kf6 50. Ra3 Kf5 51. Ke2 Rb2+ 52. Ke3 e5 53. Ra5 Rb3+ 54. Ke2 f6 55. Rc5 Rb4 56. Rc6 Re4+ 57. Kd3 Rd4+ 58. Ke3 Rd7 59. Ra6 Re7 60. Ra5 Rd7 61. Ra6 Rd5 62. Rb6 Kg5 63. Rb8 Ra5 64. Rg8+ Kf5 65. Rb8 Ra3+ 66. Ke2 Ke6 67. Rb6+ Kf7 68. Rb7+ Kg6 69. Rb6 Rf3 70. Ra6 Rb3 71. Rc6 Rb5 72. Ra6 Kg5 73. Ra8 f5 74. Rg8+ Kf6 75. Rf8+ Ke6 76. Ke3 Rb3+ 77. Ke2 Rb7 78. Ke3 Rf7 79. Re8+ Kf6 80. Rg8 Rg7 81. Rf8+ Rf7 82. Rg8 Ke7 83. Ra8 Rf6 84. Ra5 Re6 85. Ra8 Kf7 86. Rb8 Ra6 87. Rc8 Ra3+ 88. Ke2 f4 89. gxf4 exf4 90. Rc4 Rf3 91. Rc6 Kg7 92. Ra6 Kh7 93. Rb6 Ra3 94. Rb4 Rf3 95. Rb6 Kg7 96. Ra6 Kf7 97. Rb6 Rh3 98. Rb4 Rf3 99. Rb6 Ra3 100. Rb4 f3+ 101. Kd2 Ra2+ 102. Ke3 Re2+ 103. Kf4 Rxf2 104. Kxg4 Ke6 105. Rf4 Rf1 106. Rxf3 Rxf3 107. Kxf3 1/2-1/2

[Event "Samarkand (Women) op 3rd"]
[Site "Samarkand"]
[Date "2025.03.12"]
[Round "4"]
[White "Sliwicka, Alicja"]
[Black "Zhapova, Yana"]
[Result "1-0"]
[WhiteElo "2342"]
[BlackElo "2234"]
[PlyCount "165"]
[EventDate "2025.03.09"]
[EventType "swiss"]
[EventRounds "9"]
[EventCountry "UZB"]
[SourceTitle "CB13_2025"]
[SourceDate "2025.03.26"]
[SourceVersion "1"]
[SourceVersionDate "2025.03.26"]
[SourceQuality "1"]

1. e4 e6 2. d4 d5 3. Nc3 Nf6 4. e5 Nfd7 5. Nce2 c5 6. Nf3 Nc6 7. c3 c4 8. b4 b5 9. Be3 a5 10. a3 Nb6 11. g3 axb4 12. axb4 Rxa1 13. Qxa1 Na4 14. Bd2 Be7 15. h4 h6 16. Bh3 Kd7 17. h5 Kc7 18. 0-0 Bd7 19. Nh2 Qg8 20. Qb1 Nd8 21. Ng4 Bg5 22. f4 Be7 23. f5 Bg5 24. Bf4 exf5 25. Ne3 Be6 26. Bxf5 Qe8 27. Kg2 Be7 28. Qc2 Nb6 29. Ra1 Nc6 30. g4 Kb7 31. Nf1 Qd7 32. Ne3 g6 33. hxg6 fxg6 34. Bxe6 Qxe6 35. Rh1 h5 36. gxh5 gxh5 37. Qf5 Qg8+ 38. Kf3 h4 39. Ng4 h3 40. Ne3 Rh7 41. e6 Nd8 42. Rg1 Rg7 43. Rxg7 Qxg7 44. Bh2 Qg8 45. Nf4 Bd6 46. e7 Bxe7 47. Nfxd5 Nxd5 48. Qd7+ Ka6 49. Qc8+ Kb6 50. Qb8+ Kc6 51. Qc8+ Kb6 52. Qb8+ Kc6 53. Qa8+ Kd7 54. Qxd5+ Qxd5+ 55. Nxd5 Bd6 56. Bxd6 Kxd6 57. Nf4 h2 58. Kg2 Nf7 59. Kxh2 Ng5 60. Kg2 Ne4 61. Ne2 Kd5 62. Kf3 Nd2+ 63. Ke3 Nf1+ 64. Kf4 Nd2 65. Ng3 Nb3 66. Ke3 Nc1 67. Nh5 Kd6 68. Nf4 Nb3 69. Ke2 Nc1+ 70. Kd2 Nb3+ 71. Kd1 Kc6 72. Nh3 Kd5 73. Nf2 Na1 74. Ng4 Nb3 75. Nf6+ Ke6 76. Ne4 Kd5 77. Nc5 Nxd4 78. cxd4 Kxd4 79. Kc2 c3 80. Kb3 c2 81. Kxc2 Kc4 82. Nd3 Kd4 83. Nb2 1-0

[Event "Samarkand (Women) op 3rd"]
[Site "Samarkand"]
[Date "2025.03.10"]
[Round "2"]
[White "Sliwicka, Alicja"]
[Black "Poliakova, Varvara"]
[Result "1-0"]
[WhiteElo "2342"]
[BlackElo "2002"]
[PlyCount "77"]
[EventDate "2025.03.09"]
[EventType "swiss"]
[EventRounds "9"]
[EventCountry "UZB"]
[SourceTitle "CB13_2025"]
[SourceDate "2025.03.26"]
[SourceVersion "1"]
[SourceVersionDate "2025.03.26"]
[SourceQuality "1"]

1. e4 c6 2. d4 d5 3. e5 Bf5 4. h4 h5 5. c4 e6 6. Nc3 Ne7 7. Nge2 dxc4 8. Ng3 b5 9. Bg5 Qa5 10. Be2 Nd5 11. 0-0 Bg6 12. a4 b4 13. Nce4 c3 14. bxc3 bxc3 15. Bd3 Na6 16. Re1 Nab4 17. Bc4 Nb6 18. Bb3 N4d5 19. Qf3 Rc8 20. Bc2 Bxe4 21. Nxe4 Nc4 22. Re2 Rb8 23. Rae1 Rb2 24. Nd6+ Bxd6 25. exd6 0-0 26. Be7 Rfb8 27. Rc1 Rxc2 28. Rexc2 Qb4 29. Rxc3 Nxc3 30. Qxc3 Qxc3 31. Rxc3 Nb6 32. Rxc6 Nd5 33. Rc5 Rb7 34. Rc8+ Kh7 35. Bd8 Rd7 36. Bc7 Nb6 37. Re8 Kg6 38. Re7 Kf6 39. a5 1-0

[Event "Samarkand (Women) op 3rd"]
[Site "Samarkand"]
[Date "2025.03.09"]
[Round "1"]
[White "Vlasova, Mariya N"]
[Black "Sliwicka, Alicja"]
[Result "0-1"]
[WhiteElo "2029"]
[BlackElo "2342"]
[PlyCount "62"]
[EventDate "2025.03.09"]
[EventType "swiss"]
[EventRounds "9"]
[EventCountry "UZB"]
[SourceTitle "CB13_2025"]
[SourceDate "2025.03.26"]
[SourceVersion "1"]
[SourceVersionDate "2025.03.26"]
[SourceQuality "1"]

1. e4 c5 2. Nf3 Nc6 3. c3 Nf6 4. e5 Nd5 5. d4 cxd4 6. cxd4 d6 7. Bc4 e6 8. 0-0 Nb6 9. Bb3 Be7 10. Nc3 d5 11. Qd3 Bd7 12. Bf4 a6 13. Rfe1 Rc8 14. a3 Na5 15. Bc2 Nbc4 16. Bc1 Qc7 17. Ra2 b5 18. b4 Nc6 19. Bf4 Nb6 20. Re3 Bxb4 21. Ng5 Bxc3 22. Qxc3 Ne7 23. Qe1 Qc4 24. Bb3 Qc1 25. Bd1 Nf5 26. Rf3 Qb1 27. Rd2 Nc4 28. Rb3 Qa1 29. Nxf7 0-0 30. g4 Nxd4 31. Rh3 Rxf7 0-1

[Event "Trieste Piccola Fenice 2nd"]
[Site "Trieste"]
[Date "2025.03.05"]
[Round "9"]
[White "Akhvlediani, Irakli"]
[Black "Sliwicka, Alicja"]
[Result "1/2-1/2"]
[WhiteElo "2369"]
[BlackElo "2352"]
[PlyCount "21"]
[EventDate "2025.02.27"]
[EventType "swiss"]
[EventRounds "9"]
[EventCountry "ITA"]
[SourceTitle "CB10_2025"]
[SourceDate "2025.03.05"]
[SourceVersion "1"]
[SourceVersionDate "2025.03.05"]
[SourceQuality "1"]

1. c4 e6 2. g3 Nf6 3. Bg2 d5 4. Nf3 d4 5. 0-0 Nc6 6. d3 Bc5 7. Nbd2 0-0 8. Nb3 Be7 9. e3 dxe3 10. Bxe3 Ng4 11. Bc5 1/2-1/2

[Event "EU-ch rapid (Women)"]
[Site "Monaco"]
[Date "2025.01.11"]
[Round "5"]
[White "Wagner, Dinara"]
[Black "Sliwicka, Alicja"]
[Result "1-0"]
[WhiteElo "2437"]
[BlackElo "2344"]
[PlyCount "133"]
[EventDate "2025.01.11"]
[EventType "swiss (rapid)"]
[EventRounds "11"]
[EventCountry "MNC"]
[SourceTitle "CB03_2025"]
[SourceDate "2025.01.15"]
[SourceVersion "1"]
[SourceVersionDate "2025.01.15"]
[SourceQuality "1"]

1. d4 Nf6 2. c4 e6 3. Nf3 d5 4. g3 h6 5. Bg2 Bd6 6. b3 0-0 7. 0-0 b6 8. Bb2 Bb7 9. Nbd2 Nbd7 10. Ne5 Qe7 11. Rc1 Rfe8 12. Re1 Nf8 13. cxd5 exd5 14. Ndc4 Ne4 15. Nxd6 cxd6 16. Nd3 Ne6 17. a4 f5 18. b4 Rf8 19. e3 a6 20. b5 a5 21. Ba3 Qd7 22. f3 Nf6 23. Qb3 Rfc8 24. Bh3 g6 25. Bg2 Kg7 26. Qa2 Rab8 27. Qb3 Ra8 28. Nf2 Re8 29. Bb2 Rac8 30. Rxc8 Rxc8 31. e4 f4 32. e5 Nh7 33. Nd3 Rc4 34. exd6 fxg3 35. hxg3 Qxd6 36. Ne5 Rc8 37. Qd3 Neg5 38. Ba3 Qe6 39. Re3 Re8 40. Qc2 Nf7 41. Qc7 Bc8 42. Qc1 Nhg5 43. Qc7 h5 44. Kh2 h4 45. gxh4 Qf6 46. Kg1 Ne6 47. Qxb6 Qf4 48. Bc1 Qxd4 49. Qxd4 Nxd4 50. Bb2 Nf5 51. Nd7+ Kh6 52. Rxe8 Bxd7 53. Rf8 N5d6 54. b6 Bc6 55. Bd4 g5 56. hxg5+ Kxg5 57. Bf1 Bb7 58. Bc3 Kg6 59. Bxa5 Ng5 60. Kf2 d4 61. Bd3+ Kg7 62. Rd8 Ngf7 63. Rd7 Bc6 64. Rc7 Bd5 65. Bb4 Kf6 66. Bxd6 Nxd6 67. a5 1-0

[Event "Wch Blitz (Women)"]
[Site "New York"]
[Date "2024.12.30"]
[Round "8"]
[White "Nurmanova, Alua"]
[Black "Sliwicka, Alicja"]
[Result "0-1"]
[WhiteElo "2330"]
[BlackElo "2346"]
[PlyCount "86"]
[EventDate "2024.12.30"]
[EventType "swiss (blitz)"]
[EventRounds "11"]
[EventCountry "USA"]
[SourceTitle "CB01_2025"]
[SourceDate "2025.01.01"]
[SourceVersion "1"]
[SourceVersionDate "2025.01.01"]
[SourceQuality "1"]

1. e4 c5 2. Nf3 Nc6 3. Nc3 d6 4. Bb5 Bd7 5. d4 cxd4 6. Nxd4 Nxd4 7. Bxd7+ Qxd7 8. Qxd4 Nf6 9. 0-0 g6 10. e5 dxe5 11. Qxe5 Bg7 12. Rd1 Qf5 13. Qc7 0-0 14. Qxb7 Qxc2 15. Qf3 Rad8 16. Re1 Rd7 17. h3 Rfd8 18. Re2 Qf5 19. Qc6 Nd5 20. Nxd5 Rxd5 21. Be3 Bxb2 22. Rae1 Bg7 23. Bxa7 e6 24. a4 Rd1 25. Bb6 Rxe1+ 26. Rxe1 Rf8 27. a5 Qd3 28. Qe4 Qb5 29. Rb1 Qa6 30. Qb4 Ra8 31. Rc1 h5 32. Qe7 Bf8 33. Qd7 Qe2 34. g3 h4 35. Rc7 Qe1+ 36. Kg2 Qe4+ 37. f3 Qf5 38. g4 Qf4 39. Bf2 Rxa5 40. Rc8 Ra3 41. Rc2 Qxf3+ 42. Kg1 Qxh3 43. Rc7 Ra1+ 0-1

[Event "Wch Rapid (Women)"]
[Site "New York"]
[Date "2024.12.26"]
[Round "1"]
[White "Bulmaga, Irina"]
[Black "Sliwicka, Alicja"]
[Result "0-1"]
[WhiteElo "2378"]
[BlackElo "2206"]
[PlyCount "37"]
[EventDate "2024.12.26"]
[EventType "swiss (rapid)"]
[EventRounds "11"]
[EventCountry "USA"]
[SourceTitle "CB01_2025"]
[SourceDate "2025.01.01"]
[SourceVersion "1"]
[SourceVersionDate "2025.01.01"]
[SourceQuality "1"]

1. e4 c5 2. c3 e5 3. Nf3 Nc6 4. Bc4 Nf6 5. Ng5 d5 6. exd5 Nxd5 7. d4 cxd4 8. Nxf7 Kxf7 9. Qf3+ Ke6 10. a4 Be7 11. 0-0 Qd6 12. b4 Rd8 13. b5 Na5 14. Ba2 Bf6 15. cxd4 Kf7 16. Ba3 Qe6 17. Nc3 e4 18. Nxe4 Qf5 19. Qxf5 0-1

[Event "Qatar Masters op-A"]
[Site "Doha"]
[Date "2024.12.09"]
[Round "6"]
[White "Garv, Rai"]
[Black "Sliwicka, Alicja"]
[Result "1/2-1/2"]
[WhiteElo "2277"]
[BlackElo "2346"]
[PlyCount "126"]
[EventDate "2024.12.03"]
[EventType "swiss"]
[EventRounds "9"]
[EventCountry "QAT"]
[SourceTitle "CB51_2024"]
[SourceDate "2024.12.18"]
[SourceVersion "1"]
[SourceVersionDate "2024.12.18"]
[SourceQuality "1"]

1. d4 Nf6 2. Bf4 e6 3. e3 c5 4. Nf3 cxd4 5. exd4 b6 6. Nbd2 Be7 7. h3 0-0 8. c3 Ba6 9. Bxa6 Nxa6 10. a4 d6 11. 0-0 Nc7 12. Bh2 Rc8 13. Qe2 Qd7 14. Rfc1 Ncd5 15. Ne1 Rfd8 16. Nd3 Bf8 17. Nf3 h6 18. c4 Ne7 19. b4 Qb7 20. Nd2 Nf5 21. Nb3 Rd7 22. b5 Nh4 23. f3 Nf5 24. Qf2 Re8 25. a5 Rdd8 26. Ra2 g6 27. Rca1 Qc8 28. Rc2 Bg7 29. Nb4 Ne7 30. axb6 axb6 31. Ra6 Qb7 32. Rca2 Qc8 33. Qe2 e5 34. d5 Qf5 35. Nd2 Rb8 36. Ne4 Nxe4 37. fxe4 Qg5 38. Ra1 f5 39. Nc6 Rb7 40. Kh1 fxe4 41. Nxe7+ Qxe7 42. Qxe4 Kh7 43. Bg1 Qc7 44. h4 h5 45. g4 hxg4 46. h5 Qf7 47. Qxg6+ Qxg6 48. hxg6+ Kxg6 49. Rxb6 Rxb6 50. Bxb6 e4 51. Rb1 e3 52. Kg2 Bc3 53. c5 Bd4 54. Bc7 Bxc5 55. b6 e2 56. b7 Ba7 57. Re1 Bb8 58. Bxb8 Rxb8 59. Rxe2 Rxb7 60. Re6+ Kf5 61. Rxd6 Rb2+ 62. Kg3 Rb3+ 63. Kg2 Rb2+ 1/2-1/2